Quel pays pour ces codes internationaux ? (2) - Statistiques

Statistiques générales
  • Ce quiz a été pris 49 fois
  • Le résultat moyen est 15 sur 20
Statistiques - réponses
Codes Pays % Correct
AUS / AS / au / YB / YY Australie
100%
IT / it / I / ITA Italie
100%
Q / QT / QA / QAT Qatar
98%
CU / cu / MU / C / CUB Cuba
93%
ZW / zw / ZI / FV / ZWE Zimbabwe
93%
SV / VE / ve / YV / VEN Venezuela
90%
HA / ET / et / ETH Ethiopie
88%
LK / CZE / OK / CZ Tchéquie
85%
DR / DOM / DO /do République dominicaine
80%
BW / A2 / BC / BOT / FB Botswana
76%
RM / 5R / FM / MA / MDG Madagascar
73%
PY / PA / PRY / ZP / SG Paraguay
73%
9H / LM / MT / MLT / mt Malte
71%
NF / TGA / TN / TO / A3 Tonga
68%
GCA / GT / GTM / MG / TG Guatemala
66%
AN / C2 / NR / NRU / nr Nauru
66%
GIN / 3X / GU / GV / gn Guinée
63%
CI / CIV / DI / IV / TU Côte d'ivoire
56%
EAK / HK / KE / ke / KES Kenya
54%
RSM / SMR / T7 / sm / SM Saint-Marin
49%
Aucun quiz correspondant
Distribution des résultats
% des personnes avec chaque résultat
Percentile par nombre de réponses
Votre historique - résultats
Vous n’avez pas pris ce quiz